Statistiques concernant Culture Générale - Série 1198

Cliquez ici pour prendre le quiz!

Statistiques générales

  • Ce quiz a été pris 58 fois
  • Le résultat moyen est 4 sur 10

Statistiques - réponses

QuestionRéponse% Correct
Quel équidé d'Afrique, à la robe rayée de noir ou de brun, désigne aussi un drôle d'individu ?zèbre
98%
Quel livre sacré des musulmans contient la doctrine de l'islam ?Coran
96%
En 1909, quel auteur, prénommé André, a touché un large public avec la parution de son livre “La Porte étroite” ?André Gide
60%
Au football, quel nom donne-t-on au joueur, qui porte généralement le numéro 5, et qui évolue juste devant le gardien de but ?libero
44%
Figure de style qui permet de mieux comprendre un concept, une idée, une abstraction grâce à une histoire, une métaphore ou une image - commence par "A"allegorie
27%
Locution adverbiale, composée 2 fois du même mot, et qui signfie en toute hâte, très vitedare-dare
24%
Quel homme d'État américain fut le successeur d'Abraham Lincoln à la présidence des États-Unis en 1865 ?Andrew Johnson
18%
Nègre en France et Blanc en Afrique : mot de 3 lettrescap
11%
En droit français : modalité de vente d’un bien mis aux enchères par un juge, un notaire ou un fonctionnaire, octroyé à la personne offrant le prix le plus élevé.adjudication
7%
Verbe désuet, rimant avec papoter, qui signifie bavarder et qui commence par la lettre "J"jaboter
2%

Distribution des résultats

Percentile par nombre de réponses

% des personnes avec chaque résultat

Votre développement - résultats

Vous n’avez pas pris ce quiz